MyGZULibrary

Interpreting qualitative data / (Record no. 1552)

MARC details
000 -LEADER
fixed length control field 02296cam a22004937i 4500
001 - CONTROL NUMBER
control field 18111874
003 - CONTROL NUMBER IDENTIFIER
control field GZU
005 - DATE AND TIME OF LATEST TRANSACTION
control field 20211125131345.0
008 - FIXED-LENGTH DATA ELEMENTS--GENERAL INFORMATION
fixed length control field 140410s2014 enk b 001 0 eng d
010 ## - LIBRARY OF CONGRESS CONTROL NUMBER
LC control number 2014938058
020 ## - INTERNATIONAL STANDARD BOOK NUMBER
International Standard Book Number 9781446295427
Qualifying information hardback
020 ## - INTERNATIONAL STANDARD BOOK NUMBER
International Standard Book Number 1446295427
Qualifying information hardback
020 ## - INTERNATIONAL STANDARD BOOK NUMBER
International Standard Book Number 9781446295434
Qualifying information paperback
020 ## - INTERNATIONAL STANDARD BOOK NUMBER
International Standard Book Number 1446295435
Qualifying information paperback
035 ## - SYSTEM CONTROL NUMBER
System control number (OCoLC)ocn903278597
040 ## - CATALOGING SOURCE
Original cataloging agency YDXCP
Language of cataloging eng
Transcribing agency YDXCP
Description conventions rda
Modifying agency SINIE
-- CDX
-- OCLCF
-- MOU
-- NLGGC
-- UKDBK
-- DLC
042 ## - AUTHENTICATION CODE
Authentication code lccopycat
050 00 - LIBRARY OF CONGRESS CALL NUMBER
Classification number H62
Item number SIL 2014
100 1# - MAIN ENTRY--PERSONAL NAME
Personal name Silverman, David,
Dates associated with a name 1943-
Relator term author.
245 10 - TITLE STATEMENT
Title Interpreting qualitative data /
Remainder of title David Silverman.
250 ## - EDITION STATEMENT
Edition statement [Fifth edition].
264 #1 - PRODUCTION, PUBLICATION, DISTRIBUTION, MANUFACTURE, AND COPYRIGHT NOTICE
Place of production, publication, distribution, manufacture London :
Name of producer, publisher, distributor, manufacturer SAGE,
Date of production, publication, distribution, manufacture, or copyright notice [2014]
264 #4 - PRODUCTION, PUBLICATION, DISTRIBUTION, MANUFACTURE, AND COPYRIGHT NOTICE
Date of production, publication, distribution, manufacture, or copyright notice ©2014
300 ## - PHYSICAL DESCRIPTION
Extent xxiv, 489 pages ;
Dimensions 24 cm
336 ## - CONTENT TYPE
Content type term text
Content type code txt
Source rdacontent
337 ## - MEDIA TYPE
Media type term unmediated
Media type code n
Source rdamedia
338 ## - CARRIER TYPE
Carrier type term volume
Carrier type code nc
Source rdacarrier
504 ## - BIBLIOGRAPHY, ETC. NOTE
Bibliography, etc. note Includes bibliographical references (pages 457-477) and indexes.
505 0# - FORMATTED CONTENTS NOTE
Formatted contents note Theory and method in qualitative research. What is qualitative research? -- Designing a research project -- Generalising from case study research -- Credible qualitative research -- Data analysis -- Research ethics -- Methods. Interviews -- Focus groups -- Ethnography -- Documents -- Naturally occurring talk -- Visual images -- Implications. Writing your report -- The relevance of qualitative research -- The potential of qualitative research : eight reminders.
650 #0 - SUBJECT ADDED ENTRY--TOPICAL TERM
Topical term or geographic name entry element Sociology
General subdivision Research.
650 #0 - SUBJECT ADDED ENTRY--TOPICAL TERM
Topical term or geographic name entry element Sociology
General subdivision Methodology.
650 #0 - SUBJECT ADDED ENTRY--TOPICAL TERM
Topical term or geographic name entry element Social sciences
General subdivision Research.
650 #0 - SUBJECT ADDED ENTRY--TOPICAL TERM
Topical term or geographic name entry element Discourse analysis.
650 #7 - SUBJECT ADDED ENTRY--TOPICAL TERM
Topical term or geographic name entry element Discourse analysis.
Source of heading or term fast
Authority record control number or standard number (OCoLC)fst00894932
650 #7 - SUBJECT ADDED ENTRY--TOPICAL TERM
Topical term or geographic name entry element Social sciences
General subdivision Research.
Source of heading or term fast
Authority record control number or standard number (OCoLC)fst01122944
650 #7 - SUBJECT ADDED ENTRY--TOPICAL TERM
Topical term or geographic name entry element Sociology
General subdivision Methodology.
Source of heading or term fast
Authority record control number or standard number (OCoLC)fst01123900
650 #7 - SUBJECT ADDED ENTRY--TOPICAL TERM
Topical term or geographic name entry element Sociology
General subdivision Research.
Source of heading or term fast
Authority record control number or standard number (OCoLC)fst01123909
650 17 - SUBJECT ADDED ENTRY--TOPICAL TERM
Topical term or geographic name entry element Kwalitatieve gegevens.
Source of heading or term gtt
Authority record control number or standard number (NL-LeOCL)07856803X
650 17 - SUBJECT ADDED ENTRY--TOPICAL TERM
Topical term or geographic name entry element Data-analyse.
Source of heading or term gtt
Authority record control number or standard number (NL-LeOCL)078480396
655 #7 - INDEX TERM--GENRE/FORM
Genre/form data or focus term Leermiddelen (vorm)
Source of term gtt
Authority record control number or standard number (NL-LeOCL)088143767
906 ## - LOCAL DATA ELEMENT F, LDF (RLIN)
a 7
b cbc
c copycat
d 2
e ncip
f 20
g y-gencatlg
942 ## - ADDED ENTRY ELEMENTS (KOHA)
Source of classification or shelving scheme Library of Congress Classification
Koha item type Books
Edition 5th edition
Classification part 62
Item part SIL
Call number prefix H
Holdings
Withdrawn status Lost status Source of classification or shelving scheme Damaged status Not for loan Collection code Home library Current library Shelving location Date acquired Total Checkouts Full call number Barcode Date last seen Copy number Price effective from Koha item type
    Library of Congress Classification     Non-fiction City Campus Library City Campus Library General Stacks 10/19/2020   H62 SIL 2014 028960 10/19/2020 c. 1 10/19/2020 Books